[Event "GER-ch Net blitz qual1"]
[Site "Playchess.com INT"]
[Date "2021.04.24"]
[Round "3"]
[White "Plaettner, Stefan"]
[Black "Faerber, David"]
[Result "0-1"]
[WhiteElo "1620"]
[BlackElo "2097"]
[PlyCount "92"]
[EventDate "2021.04.24"]
[EventType "swiss (blitz)"]
[EventRounds "11"]
[EventCountry "GER"]
[SourceTitle "CBM 202 Extra"]
[Source "ChessBase"]
[SourceDate "2021.07.31"]
[SourceVersion "1"]
[SourceVersionDate "2021.07.31"]
[SourceQuality "1"]

1. e4 c5 2. c3 d5 3. exd5 Nf6 4. d4 Nxd5 5. Nf3 cxd4 6. Nxd4 e6 7. Be2 Bd6 8. 0-0 Nc6 9. Nxc6 bxc6 10. c4 Nf6 11. Bf3 Qc7 12. h3 0-0 13. Bg5 Be5 14. Qc2 h6 15. Be3 Rb8 16. Nc3 a6 17. a3 a5 18. Rab1 Rd8 19. b4 axb4 20. axb4 Ba6 21. Be2 Bd4 22. Bxd4 Rxd4 23. b5 cxb5 24. cxb5 Bb7 25. Rfc1 Rc8 26. Qb3 Qd8 27. Na4 Nd5 28. Nc5 Ba8 29. b6 Rb4 30. Qa2 Rxb6 31. Rxb6 Nxb6 32. Rd1 Bd5 33. Qa5 Qc7 34. Nd3 Nc4 35. Qb4 Rb8 36. Qc3 Qe7 37. Qd4 Nd6 38. Nf4 Nf5 39. Qd2 Bb7 40. Rc1 Rd8 41. Qb2 Nh4 42. Qb6 Ba8 43. Rc7 Qg5 44. Qe3 Nxg2 45. Qg3 Nxf4 46. Qxg5 Nxe2+ 0-1

[Event "Arber op 1st"]
[Site "Bayerisch Eisenstein"]
[Date "2012.08.18"]
[Round "1"]
[White "Kleibel, Uwe"]
[Black "Plaettner, Stefan"]
[Result "1/2-1/2"]
[WhiteElo "2088"]
[BlackElo "1859"]
[PlyCount "127"]
[EventDate "2012.08.18"]
[EventType "swiss"]
[EventRounds "9"]
[EventCountry "GER"]
[SourceTitle "CBM 150 Extra"]
[Source "ChessBase"]
[SourceDate "2012.10.19"]
[SourceVersion "1"]
[SourceVersionDate "2012.10.19"]
[SourceQuality "1"]

1. d4 d6 2. Nf3 Nf6 3. Nc3 c6 4. e4 Bg4 5. Be3 Nbd7 6. Qd2 e5 7. 0-0-0 Be7 8. h3 Bh5 9. Bd3 0-0 10. g4 Bg6 11. Rdg1 b5 12. g5 Nh5 13. dxe5 dxe5 14. Ne2 Qc7 15. Ng3 Nc5 16. Nf5 Rfd8 17. Qc3 Nxd3+ 18. cxd3 Bxf5 19. exf5 Rd5 20. Kb1 Rad8 21. Ne1 Nf4 22. Bxf4 exf4 23. f6 Bc5 24. Rg2 Bd4 25. Qc2 Rc8 26. Qd2 Qd6 27. Rg4 Rf5 28. Nc2 Be5 29. Rd1 c5 30. Qa5 Qb6 31. Qxb6 axb6 32. fxg7 Bxg7 33. h4 Be5 34. Na3 b4 35. Nc4 Bc7 36. Kc2 Rd5 37. b3 b5 38. Nb2 Re8 39. Rgg1 Re2+ 40. Rd2 Rxd2+ 41. Kxd2 Be5 42. Rb1 Rd7 43. Ke2 Ra7 44. Kf3 Rxa2 45. d4 Bxd4 46. Nd3 Rd2 47. Nxf4 Rxf2+ 48. Kg4 Rd2 49. Nd5 c4 50. bxc4 bxc4 51. Rxb4 c3 52. Rb8+ Kg7 53. Nf4 h6 54. Nh5+ Kh7 55. Rb7 hxg5 56. hxg5 Rf2 57. Nf4 c2 58. Rxf7+ Kg8 59. Rc7 Be3 60. Nd3 Rd2 61. Rc3 Rxd3 62. Rxc2 Rd5 63. Rc8+ Kg7 64. Rc7+ 1/2-1/2

[Event "Sachsen-ch U18"]
[Site "Sebnitz"]
[Date "2012.04.13"]
[Round "5"]
[White "Braeuer, Felix"]
[Black "Plaettner, Stefan"]
[Result "1-0"]
[WhiteElo "1721"]
[BlackElo "1848"]
[PlyCount "87"]
[EventDate "2012.04.10"]
[EventType "swiss"]
[EventRounds "7"]
[EventCountry "GER"]
[SourceTitle "CBM 148 Extra"]
[Source "ChessBase"]
[SourceDate "2012.06.22"]
[SourceVersion "1"]
[SourceVersionDate "2012.06.22"]
[SourceQuality "1"]

1. e4 e5 2. Nf3 d6 3. d4 Nd7 4. Bc4 Be7 5. dxe5 Nxe5 6. Nxe5 dxe5 7. Qh5 g6 8. Qxe5 Nf6 9. Bg5 0-0 10. Nc3 Re8 11. Rd1 Nd7 12. Bxe7 Rxe7 13. Qd4 c6 14. 0-0 Qc7 15. Rfe1 b5 16. Bf1 Nb6 17. e5 Bf5 18. Bd3 Rd8 19. Qh4 Bxd3 20. cxd3 Nd5 21. d4 Nxc3 22. bxc3 Re6 23. f4 Rf8 24. Qg4 Kh8 25. Re3 f5 26. Qf3 Rd8 27. d5 cxd5 28. Rxd5 Rxd5 29. Qxd5 Qb6 30. Qd4 Kg8 31. Rd3 a5 32. Kf2 Kf7 33. Qxb6 Rxb6 34. Rd7+ Ke6 35. Rxh7 Kd5 36. Ke3 b4 37. cxb4 Rxb4 38. Rd7+ Kc5 39. Rd3 Re4+ 40. Kf3 Kc4 41. Re3 Rd4 42. e6 Rd8 43. e7 Re8 44. g4 1-0

[Event "Sachsen-ch U18"]
[Site "Sebnitz"]
[Date "2011.04.27"]
[Round "2"]
[White "Suess, Nils"]
[Black "Plaettner, Stefan"]
[Result "0-1"]
[WhiteElo "1699"]
[BlackElo "1805"]
[PlyCount "92"]
[EventDate "2011.04.26"]
[EventType "swiss"]
[EventRounds "5"]
[EventCountry "GER"]
[SourceTitle "EXT 2012"]
[Source "ChessBase"]
[SourceDate "2011.11.24"]
[SourceVersion "1"]
[SourceVersionDate "2011.11.24"]
[SourceQuality "1"]

1. e4 d6 2. d4 Nf6 3. Nc3 c6 4. f4 Qa5 5. Bd3 e5 6. Nf3 Bg4 7. dxe5 dxe5 8. h3 Bxf3 9. Qxf3 Nbd7 10. Be3 Bc5 11. a3 0-0 12. 0-0 Qb6 13. Bxc5 Qxc5+ 14. Kh1 b5 15. Rad1 Rad8 16. Ne2 exf4 17. Qxf4 Qe5 18. Ng3 Qxf4 19. Rxf4 Rfe8 20. b4 Ne5 21. Rff1 Rd7 22. Rd2 Red8 23. Rfd1 Nc4 24. Bxc4 Rxd2 25. Rxd2 Rxd2 26. Bd3 g6 27. Kh2 Nd7 28. Nf1 Rd1 29. Be2 Ra1 30. Nd2 Rxa3 31. Nb3 Ne5 32. Nd4 a6 33. Nb3 Ra4 34. c3 Ra3 35. Nc5 Rxc3 36. Nxa6 Re3 37. Bd1 Rxe4 38. Bc2 Rd4 39. Kg1 Nd3 40. Bxd3 Rxd3 41. Kf2 Kg7 42. Ke2 Rc3 43. Kd2 Rg3 44. Nb8 Rxg2+ 45. Kd1 Rh2 46. Nxc6 Rxh3 0-1

[Event "GER-chT U14"]
[Site "Verden"]
[Date "2008.12.30"]
[Round "7.4"]
[White "Plaettner, Stefan"]
[Black "Sawlin, Leonid"]
[Result "1/2-1/2"]
[WhiteElo "1553"]
[BlackElo "1641"]
[PlyCount "71"]
[EventDate "2008.12.27"]
[EventType "team-swiss"]
[EventRounds "7"]
[EventCountry "GER"]
[SourceTitle "EXT 2010"]
[Source "ChessBase"]
[SourceDate "2010.11.25"]
[SourceVersion "1"]
[SourceVersionDate "2010.11.25"]
[SourceQuality "1"]
[WhiteTeam "Grossroehrsdorf"]
[BlackTeam "Berlin Makkabi"]
[WhiteTeamCountry "GER"]
[BlackTeamCountry "GER"]

1. e4 d6 2. d4 Nf6 3. Nc3 g6 4. Be3 Bg7 5. f3 c6 6. Qd2 Nbd7 7. 0-0-0 0-0 8. Kb1 Qc7 9. g4 Rd8 10. h4 e5 11. d5 c5 12. Bh6 a6 13. h5 Bxh6 14. Qxh6 Nf8 15. hxg6 fxg6 16. Nge2 b5 17. Ng3 Qg7 18. Qxg7+ Kxg7 19. g5 Ne8 20. Bh3 Bxh3 21. Rxh3 Ra7 22. Rf1 Rf7 23. Nge2 Nc7 24. Nd1 Na8 25. Ne3 Nb6 26. b3 Nc8 27. Ng4 Kh8 28. Nh6 Rg7 29. f4 Nd7 30. Rhf3 Re7 31. f5 Rf8 32. f6 Ree8 33. Rh1 Rd8 34. Ng4 Rf7 35. Nh6 Rff8 36. Ng4 1/2-1/2